000 00818nas a2200265Ia 4500
001 A10/R172-52467
003 IT-MiCISF
008 161014c99999999xx |||||||||||| ||und||
040 _aIT-MiCISF
_cIT-MiCISF
041 _aITALIANO
100 _aCampanini Giorgio
210 _aVita pastorale
222 _aVita pastorale
245 0 _aInizia il dibattito. Un Sinodo sulla famiglia, un Sinodo per la famiglia
250 _a1a ed.
260 _c2013
501 _bCISF - Centro Internazionale Studi Famiglia - Via Giotto, 36 20145 MILANO (non commercial uses only)
_cCopyright 2016
300 _app. 44-46
362 _an. 11, novembre [2013]
500 _a Tema: famiglia, chiesa, società, sinodo
650 _aFAMIGLIA
_varticolo
700 _aAA.VV.
942 _cCR
957 _71
999 _a52467
_bSi
_g1
_c227955
_d227955